000 00723nam a2200253Ia 4500
003 OSt
005 20220926012137.0
006 a|||||r|||| 00| 0
007 ta
008 220923b |||||||| |||| 00| 0 eng d
020 _a0631138315
037 _cGeneral Book
040 _aRTL
_cRTL
_beng
041 _2eng
_aeng
082 _aR14xM48:g, M4
100 _aWright Crispin Ed.
_923698
245 0 _aFrege
_b Tradition and influence
260 _aNew York
_bBasil Blackwell U. S. A.
_c1984
300 _a251p
_ccm.
500 _aBibliography: P 245-46
650 _aPhilosophy-Symbolic Logic
_9234482
942 _hR14xM48:g, M4
_cGB
_2CC
999 _c621858
_d621858